| 000 | 01094nam a2200313Ia 4500 | ||
|---|---|---|---|
| 003 | GCL | ||
| 008 | 140319s9999 xx 000 0 ara d | ||
| 040 |
_aGCL / _cGCL |
||
| 082 | 0 | 4 |
_aق _b962.16 _bف ت |
| 100 | 1 | _aفتحى محمد مصيلحى | |
| 245 | 1 | 0 |
_aتطور العاصمة المصرية والقاهرة الكبرى : _bتجربة التعمير المصرية من 4000 ق . م الى 2000 م / _cفتحى محمد مصيلحى |
| 250 | _aالاولى | ||
| 260 |
_aالقاهرة : _bالمؤلف ، _c1988 |
||
| 300 |
_a542 ص ؛ _c24 سم |
||
| 650 | 0 | 4 | _aالتنمية الاقتصادية |
| 650 | 0 | 4 | _aالتاريخ |
| 650 | 0 | 4 | _aالجغرافيا |
| 650 | 0 | 4 | _aالطرق |
| 650 | 0 | 4 | _aالمساكن |
| 650 | 0 | 4 | _aتخطيط المدن |
| 650 | 0 | 4 | _aالمرافق العامة |
| 650 | 0 | 4 | _aالاحياء السكنية |
| 650 | 0 | 4 | _aالتخطيط الاقليمى |
| 650 | 0 | 4 | _aالهجرة الداخلية |
| 650 | 0 | 4 | _aالقاهرة |
| 650 | 0 | 4 | _aالتعمير |
| 650 | 0 | 4 | _aالاتصالات والمواصلات |
| 942 |
_2ddc _cBK |
||
| 999 |
_c30917 _d30917 |
||